000
00219 a2200097 4500
001
40901
100
_a
Rafiullah Shchah
245
_a
History of Pakistan
260
_a
Lahore
_b
Sang-e-Meel Pub
_c
090
_c
25154
_d
25154
942
_a
NUST-CAE
_c
M
_c
16841
999
_c
275974
_d
275974